[Event "Online Olym Disabilities"]
[Site "Tornelo INT"]
[Date "2020.11.23"]
[Round "3.2"]
[White "Aryan, B Joshi"]
[Black "Doan, Thu Huyen1111"]
[Result "1/2-1/2"]
[WhiteElo "1842"]
[BlackElo "1535"]
[PlyCount "74"]
[EventDate "2020.11.21"]
[EventType "team-swiss (rapid)"]
[EventRounds "7"]
[EventCountry "NET"]
[SourceTitle "CBM 199 Extra"]
[Source "ChessBase"]
[SourceDate "2021.01.31"]
[SourceVersion "1"]
[SourceVersionDate "2021.01.31"]
[SourceQuality "1"]
[WhiteTeam "India"]
[BlackTeam "Vietnam"]
[WhiteTeamCountry "IND"]
[BlackTeamCountry "VIE"]

1. e4 c6 2. d4 d5 3. exd5 cxd5 4. Bd3 Nf6 5. c3 Nc6 6. Bf4 Bg4 7. Qb3 Qc8 8. Nd2 e6 9. Ngf3 Be7 10. 0-0 0-0 11. Rae1 Bh5 12. Ne5 Nxe5 13. Bxe5 Bg6 14. Bxg6 hxg6 15. Bxf6 Bxf6 16. f4 Qc7 17. g3 a5 18. a4 Qc6 19. Nf3 Rfb8 20. g4 b5 21. axb5 Qxb5 22. Qxb5 Rxb5 23. Rf2 Rab8 24. Ree2 a4 25. g5 Be7 26. Ne5 Bd6 27. Nd3 a3 28. bxa3 Bxa3 29. Rc2 Bd6 30. Ne5 Bxe5 31. fxe5 Kf8 32. Rf1 Rb1 33. Rcf2 Rxf1+ 34. Kxf1 Rb1+ 35. Kg2 Rb3 36. Rc2 Ke7 37. Kf3 Rb1 1/2-1/2

[Event "El Prat de Llobregat op-B 1st"]
[Site "El Prat de Llobregat"]
[Date "2019.12.05"]
[Round "3"]
[White "Flores Mendoza, Jose Antonio"]
[Black "Aryan, B Joshi"]
[Result "1/2-1/2"]
[WhiteElo "1952"]
[BlackElo "1770"]
[PlyCount "71"]
[EventDate "2019.12.03"]
[EventType "swiss"]
[EventRounds "9"]
[EventCountry "ESP"]
[SourceTitle "CBM 193 Extra"]
[Source "ChessBase"]
[SourceDate "2020.01.31"]
[SourceVersion "1"]
[SourceVersionDate "2020.01.31"]
[SourceQuality "1"]

1. d4 d5 2. Nf3 Nf6 3. g3 c6 4. Bg2 Bg4 5. 0-0 e6 6. b3 Be7 7. c4 0-0 8. h3 Bh5 9. Nc3 a5 10. Bf4 h6 11. g4 Bg6 12. c5 Nbd7 13. a3 Ne4 14. Nxe4 Bxe4 15. b4 Bf6 16. Bd6 Re8 17. Ne5 Bxg2 18. Kxg2 Bxe5 19. dxe5 f6 20. f4 fxe5 21. fxe5 Qg5 22. Qd4 axb4 23. axb4 Nf8 24. Rxa8 Rxa8 25. Rxf8+ Rxf8 26. Bxf8 Kxf8 27. e3 Qg6 28. Kg3 Ke7 29. h4 Qb1 30. h5 Qe1+ 31. Kf3 Qf1+ 32. Kg3 Qg1+ 33. Kf3 Qh2 34. Qf4 Qh1+ 35. Kf2 Qa1 36. Qd4 1/2-1/2

[Event "Nis op"]
[Site "Nis"]
[Date "2019.06.28"]
[Round "4"]
[White "Aryan, B Joshi"]
[Black "Stanojevic, Ilija"]
[Result "1/2-1/2"]
[WhiteElo "1948"]
[BlackElo "2114"]
[PlyCount "24"]
[EventDate "2019.06.25"]
[EventType "swiss"]
[EventRounds "9"]
[EventCountry "SRB"]
[SourceTitle "EXT 2020"]
[Source "ChessBase"]
[SourceDate "2019.10.17"]
[SourceVersion "1"]
[SourceVersionDate "2019.10.17"]
[SourceQuality "1"]

1. e4 e5 2. Nf3 Nc6 3. d4 exd4 4. Nxd4 Qf6 5. Be3 Bc5 6. c3 Nge7 7. Be2 d6 8. 0-0 Bd7 9. Qd2 Qg6 10. Nxc6 Bxc6 11. Bxc5 dxc5 12. f3 Rd8 1/2-1/2

[Event "IBCA Wch Blind and Visually imp U22"]
[Site "Solec Zdroj"]
[Date "2018.08.18"]
[Round "5.4"]
[White "Johansson, William"]
[Black "Aryan, B Joshi"]
[Result "0-1"]
[WhiteElo "1448"]
[BlackElo "1623"]
[PlyCount "40"]
[EventDate "2018.08.14"]
[EventType "swiss"]
[EventRounds "9"]
[EventCountry "POL"]
[SourceTitle "EXT 2024"]
[Source "ChessBase"]
[SourceDate "2023.10.10"]
[SourceVersion "1"]
[SourceVersionDate "2023.10.10"]
[SourceQuality "1"]

1. d4 d5 2. Bf4 Nf6 3. e3 e6 4. Bd3 c5 5. c3 Bd6 6. Bg3 Qc7 7. Nf3 Nbd7 8. Nbd2 0-0 9. Rc1 e5 10. e4 dxe4 11. Nxe4 Nxe4 12. Bxe4 exd4 13. cxd4 Re8 14. Ng5 Nf6 15. Bxd6 Qxd6 16. f3 h6 17. Nh3 Nxe4 18. fxe4 Rxe4+ 19. Kf1 Bxh3 20. gxh3 Rf4+ 0-1